LIBRARY & INFORMATION CENTRE, KCAET, TAVANUR

ONLINE PUBLIC ACCESS CATALOGUE (OPAC)

Enterprise and entrepreneurship for agri-business management and planning : the global perspective (Record no. 15601)

MARC details
000 -LEADER
fixed length control field 00441nam a22001457a 4500
003 - CONTROL NUMBER IDENTIFIER
control field OSt
008 - FIXED-LENGTH DATA ELEMENTS--GENERAL INFORMATION
fixed length control field 190517b ||||| |||| 00| 0 eng d
020 ## - INTERNATIONAL STANDARD BOOK NUMBER
ISBN 9789351243045
082 ## - DEWEY DECIMAL CLASSIFICATION NUMBER
Classification number 630.68
Item number ADH/EN
100 ## - MAIN ENTRY--AUTHOR NAME
Personal name Adhikary, Manas Mohan
245 ## - TITLE STATEMENT
Title Enterprise and entrepreneurship for agri-business management and planning : the global perspective
260 ## - PUBLICATION, DISTRIBUTION, ETC. (IMPRINT)
Place of publication New Delhi
Name of publisher Daya Publishing House
Year of publication 2014
300 ## - PHYSICAL DESCRIPTION
Number of Pages 606 p.
942 ## - ADDED ENTRY ELEMENTS (KOHA)
Koha item type Books
Holdings
Withdrawn status Lost status Damaged status Collection code Home library Current library Shelving location Date acquired Cost, normal purchase price Full call number Accession Number Koha item type
      Non-fiction KAUAET KAUAET General Stacks 17/05/2019 2995.00 630.68 ADH/EN 25821 Books
free website counter